Statistics for Bosnia, Multiple choice.

Click here to take the quiz!

General Stats

  • This quiz has been taken 61 times
    (59 since last reset)
  • The average score is 7 of 9

Answer Stats

QuestionAnswer% Correct
With wich countries Bosnia borders?Croatia,Serbia,Montenegro
95%
What is the biggest religion in Bosnia?Islam
95%
Capital citySarajevo
95%
Bosnian best friendTurkey
84%
How many people Bosnia contains?3,3M
82%
Wich sea Bosnia has?Adriatic
78%
Biggest mountain?Maglic
71%
Bosnian Gross domestic product (GDP)20B USD
49%
What year did Bosnia make the olympics.1992/1993
25%

Score Distribution

Percentile by Number Answered

Percent of People with Each Score

Your Score History

You have not taken this quiz since the last reset